00758nam a2200181 a 450000500170000000800410001704000120005804100080007004400070007810000280008524501390011326000590025230000100031152001810032165000380050265000140054065000220055420141216115139.0140128b20072009ck ||||| |||| 00| 0 spa d cCO-BoIH aspa ack aMorales Rivas, Mónica aPresencia de la Asociación Colombiana de Reservas de la Sociedad Civil en los Andes Colombianos. Variaciones en los últimos años aBogotábInstituto Alexander von Humboldtc2008-07-09 a24 p. aPresenta un análisis que evalúa los niveles de presencia de las Reservas Naturales de la Sociedad Civil adscritas a Resnatur, en el área de inflluencia del proyecto Andes aEvaluación niveles de presencia aRestaurar aAndes colombianos